| 000 | 00801nam a2200277Ia 4500 | ||
|---|---|---|---|
| 003 | OSt | ||
| 005 | 20220928122346.0 | ||
| 006 | a|||||r|||| 00| 0 | ||
| 007 | ta | ||
| 008 | 220927b |||||||| |||| 00| 0 eng d | ||
| 020 | _c4732.1199999999999 | ||
| 024 | _a129557 | ||
| 037 |
_b229, 08/03/2016, N.R.Book Distributors _cTextual |
||
| 040 |
_aSDCL _cSDCL _beng |
||
| 041 |
_2eng _aeng |
||
| 082 | _aL:423, Q1 | ||
| 100 |
_aCollier Leslie _9457716 |
||
| 245 | 0 | _aHuman virology | |
| 250 | _a4th | ||
| 260 |
_aOxford _bOxford University Press _c2011 |
||
| 300 |
_axiv,365p. _ccm. |
||
| 650 | _aMicrobiology | ||
| 700 |
_a Kellam Paul _9457717 |
||
| 942 |
_hL:423, Q1 _cTEXL _2CC |
||
| 999 |
_c771153 _d771153 |
||